<?xml version="1.0" encoding="UTF-8"?><?xml-stylesheet type="text/xsl" href="static/style.xsl"?><OAI-PMH xmlns="http://www.openarchives.org/OAI/2.0/" xmlns:xsi="http://www.w3.org/2001/XMLSchema-instance" xsi:schemaLocation="http://www.openarchives.org/OAI/2.0/ http://www.openarchives.org/OAI/2.0/OAI-PMH.xsd"><responseDate>2026-05-16T21:57:14Z</responseDate><request verb="GetRecord" identifier="oai:repisalud.isciii.es:20.500.12105/15119" metadataPrefix="marc">https://repisalud.isciii.es/rest/oai/request</request><GetRecord><record><header><identifier>oai:repisalud.isciii.es:20.500.12105/15119</identifier><datestamp>2025-02-27T12:48:55Z</datestamp><setSpec>com_20.500.12105_13731</setSpec><setSpec>com_20.500.12105_2337</setSpec><setSpec>com_20.500.12105_2336</setSpec><setSpec>col_20.500.12105_13733</setSpec></header><metadata><record xmlns="http://www.loc.gov/MARC21/slim" xmlns:dcterms="http://purl.org/dc/terms/" xmlns:doc="http://www.lyncode.com/xoai" xmlns:xsi="http://www.w3.org/2001/XMLSchema-instance" xsi:schemaLocation="http://www.loc.gov/MARC21/slim http://www.loc.gov/standards/marcxml/schema/MARC21slim.xsd">
   <leader>00925njm 22002777a 4500</leader>
   <datafield ind2=" " ind1=" " tag="042">
      <subfield code="a">dc</subfield>
   </datafield>
   <datafield ind2=" " ind1=" " tag="720">
      <subfield code="a">Instituto de Salud Carlos III</subfield>
      <subfield code="e">author</subfield>
   </datafield>
   <datafield ind2=" " ind1=" " tag="260">
      <subfield code="c">2022-09</subfield>
   </datafield>
   <datafield ind2=" " ind1=" " tag="520">
      <subfield code="a">El Instituto de Salud Carlos III (ISCIII) y la Universidad Nacional de Educación a Distancia (UNED) han organizado los días 29 y 30 de septiembre la II Jornada de Seguimiento del Programa de Doctorado en Ciencias Biomédicas y Salud Pública, que se desarrolla en el marco del Instituto Mixto de Investigación Escuela Nacional de Sanidad-UNED (IMIENS). En esta II Jornada 25 doctorandos, 17 mujeres y 8 hombres, que iniciaron su etapa predoctoral en el curso 2021-2022, presentaron los resultados y avances en el desarrollo de su tesis doctoral. El día 29 trece de ellos expusieron sus presentaciones en la Facultad de Psicología de la UNED, agrupadas en sesiones diferentes que incluyeron temáticas relacionadas según líneas de investigación. D. Alejandro Higuera Matas, Decano de la Facultad de Psicología dio la bienvenida al acto. Los moderadores fueron: Belén Sanz Barbero, Carmen Ortega Navas, Diana Gómez Barroso, Fernando Molero Alonso, Adolfo Muñoz Carrero y Maria Teresa Martín Aragoneses. https://canal.uned.es/series/magic/qq6zkgh6y4g4c4s0k808s88wc48g84k El día 30 los doce doctorandos restantes, presentaron sus resultados en el Centro Nacional de Microbiología, en el Campus de Majadahonda del ISCIII, distribuidas igualmente en sesiones agrupando temáticas según líneas de investigación. Dña. Paloma Collado Guirao y Dña. Lucía Pérez Álvarez, coordinadora y secretaria del Programa respectivamente, dieron la bienvenida al acto. Los moderadores fueron: Ignacio Pérez de Castro, Jordi Cano Ochando, Eloisa Yuste y Julio Vázquez.</subfield>
   </datafield>
   <datafield ind1="8" ind2=" " tag="024">
      <subfield code="a">Programa de Doctorado en Ciencias Biomédicas y Salud Pública 21/22</subfield>
   </datafield>
   <datafield ind1="8" ind2=" " tag="024">
      <subfield code="a">http://hdl.handle.net/20.500.12105/15119</subfield>
   </datafield>
   <datafield tag="653" ind2=" " ind1=" ">
      <subfield code="a">Ciencias Biomédicas</subfield>
   </datafield>
   <datafield tag="653" ind2=" " ind1=" ">
      <subfield code="a">Salud Pública</subfield>
   </datafield>
   <datafield tag="653" ind2=" " ind1=" ">
      <subfield code="a">Programa de Doctorado</subfield>
   </datafield>
   <datafield ind2="0" ind1="0" tag="245">
      <subfield code="a">II Jornada de Seguimiento del Programa de Doctorado en Ciencias Biomédicas y Salud Pública del ISCIII y la UNED</subfield>
   </datafield>
</record></metadata></record></GetRecord></OAI-PMH>